000 00635nam a22002057a 4500
003 OSt
005 20260114040300.0
008 260114b |||||||| |||| 00| 0 eng d
020 _a0-8499-1001-3.
040 _aDWC-Main lib.
_cOC
082 _aCirc. 231.3 S979 1993
100 _aSwindoll , Charles R.
245 _aFlying closer to the flame :
_ba passion for the Holy Spirit/
_cCharles R. Swindoll
260 _aDallas :
_bWord Publishing,
_cc1993.
300 _a270 p. ;
_c21 cm.
504 _aIncludes index.
650 _a1. Holy Spirit.
650 _a2. Spiritual life-Christianity.
942 _2ddc
_cBK-CIRC
_hCirc.
_n0
999 _c7373
_d7373